Liedtext-Bärenbrüder-Ich bin unterwegs - Statistiken

Allgemein
  • Dieses Quiz wurde 19 mal gespielt
    18 seit der letzten Aktualisierung
  • Das Durchschnittsergebnis liegt bei 164 aus 224
Antwortstatistiken
Antwort % Korrekt
bin
100%
unterwegs
100%
ich
100%
Ich
100%
Sag
100%
sag
100%
so
100%
unter
100%
unterwegs
100%
Unterwegs
100%
die
93%
hier
93%
allen
86%
es
86%
Es
86%
gibt
86%
seh´n
86%
sie
86%
und
86%
viel
86%
Viel
86%
zu
86%
nach
79%
Sonne
79%
wie
79%
wir
79%
dem
71%
den
71%
denn
71%
der
71%
ein
71%
ist
71%
jeden
71%
mich
71%
mir
71%
neue
71%
neues
71%
nicht
71%
noch
71%
uns
71%
Weg
71%
alles
64%
das
64%
du
64%
geh´n
64%
ihr
64%
liebe
64%
scheint
64%
weit
64%
wenn
64%
auch
57%
bald
57%
blau
57%
egal
57%
gar
57%
geht
57%
Himmel
57%
in
57%
kleinen
57%
mein
57%
mit
57%
möchte
57%
Oh
57%
Regen
57%
sind
57%
über
57%
von
57%
wieder
57%
Ziel
57%
zurück
57%
anderswo
50%
dieses
50%
gut
50%
hält
50%
immer
50%
lacht
50%
schlaf
50%
strahlt
50%
weder
50%
weiß
50%
Wind
50%
diesen
43%
entfernt
43%
erzähl´n
43%
Freunde
43%
gefällt
43%
ihnen
43%
komm
43%
lässt
43%
Mond
43%
Schnee
43%
schritt
43%
sing
43%
Sternen
43%
wacht
43%
wird
43%
Wirst
43%
wirst
43%
begleitet
36%
erleben
36%
ganz
36%
Gemeinsam
36%
Geschichten
36%
Haus
36%
Herz
36%
hört
36%
Lächeln
36%
Lied
36%
Orte
36%
singt
36%
still
36%
berührt
29%
genau
29%
Sicht
29%
stehts
29%
warm
29%
weitergeh´n
29%
Eh
21%
find
21%
sehn´
0%
Keine übereinstimmenden Quizze gefunden
Verteilung der Resultate
Anzahl Personen mit jedem Resultat
Perzentil nach korrekt beantworteten Fragen
Ihre Resultats-Entwicklung
Sie haben dieses Quiz seit der letzten Aktualisierung nicht gespielt